Mi Española - Abraham Mateo - Estadísticas

Estadísticas generales
  • Esta prueba ha sido intentada 23 veces
  • La puntuación promedio es 221 de 335
Estadísticas de respuestas
Letra % Correcto
A
100%
a
100%
es
100%
Mi
100%
mi
100%
pa'
100%
Y
100%
y
100%
acelerando
67%
al
67%
alegría
67%
amigo
67%
así
67%
aunque
67%
Aunque
67%
baila
67%
bailar
67%
baile
67%
bajando
67%
bebé
67%
belleza
67%
bonita
67%
bueno
67%
bulería
67%
cabeza
67%
caliente
67%
como
67%
Como
67%
con
67%
conoces
67%
contigo
67%
corazón
67%
cuerpo
67%
Cuidado
67%
De
67%
dejando
67%
dejes
67%
descontrola
67%
el
67%
El
67%
ese
67%
Ese
67%
española
67%
Este
67%
figura
67%
haré
67%
KO
67%
la
67%
Le
67%
le
67%
lia'o
67%
lo
67%
loquita
67%
luciendo
67%
más
67%
me
67%
mundo
67%
no
67%
noche
67%
pide
67%
pidiendo
67%
pone
67%
profundo
67%
que
67%
Que
67%
roce
67%
Rumbea
67%
sangre
67%
se
67%
sentir
67%
Siente
67%
sola
67%
soy
67%
Su
67%
sube
67%
subiendo
67%
tabla'o
67%
tan
67%
te
67%
Tenemos
67%
ti
67%
to'
67%
to'a
67%
tu
67%
67%
tuyo
67%
va
67%
vea
67%
viajando
67%
ya
67%
Yo
67%
12
33%
bombardea
33%
Consolea'
33%
discoteca
33%
en
33%
estés
33%
hemo'
33%
intuyo
33%
las
33%
llevo
33%
los
33%
mío
33%
nenes
33%
noces
33%
prontito
33%
será
33%
Son
33%
Taconea
33%
una
33%
loco
0%
Oye
0%
tienes
0%
No se encontraron pruebas coincidentes
Distribución de puntuación
Porcentaje de gente con cada puntuación
Porcentaje por número respondido
Historial de tus puntuaciones
No has intentado esta prueba.